Origen y ascenso de la burguesía chilena
Salvato in:
| Autore principale: | |
|---|---|
| Natura: | Libro |
| Lingua: | spagnolo |
| Pubblicazione: |
Santiago
Universitaria
1988
|
| Edizione: | 2a. ed |
| Serie: | Imagen de Chile
|
| Soggetti: | |
| Tags: |
Aggiungi Tag
Nessun Tag, puoi essere il primo ad aggiungerne!!
|
MARC
| LEADER | 00000nam a2200000 a 4500 | ||
|---|---|---|---|
| 001 | UCH3872 | ||
| 003 | CL-VaPUC | ||
| 008 | 090818e19880000CL |||||||||||||||||spa|d | ||
| 082 | 0 | 4 | |a 305.550983 |b VIL |2 21 |
| 100 | 0 | |a Villalobos Rivera, Sergio |e author |9 539290 | |
| 245 | 1 | 0 | |a Origen y ascenso de la burguesía chilena |
| 250 | |a 2a. ed | ||
| 300 | |a 159 p | ||
| 942 | |c BK | ||
| 945 | |d 20090818 00:00:00 |a lazolas | ||
| 260 | |a Santiago |b Universitaria |c 1988 | ||
| 650 | 7 | |a CLASE MEDIA |2 CL-VaPUC |9 255144 | |
| 650 | 0 | |a Historia social |9 313638 | |
| 650 | 0 | |a Vida social y costumbres |9 258725 | |
| 650 | 0 | |a Clases sociales |9 256858 | |
| 651 | 7 | |a CHILE |2 CL-VaPUC |9 539291 | |
| 583 | |a last modification |c 20180417 04:26:56 |k Rodrigo Vera | ||
| 490 | 0 | |a Imagen de Chile | |
| 999 | |c 335276 |d 335274 | ||